| 000 | 00000nam 2200000zi 4500 |
| 001 | 9.938349 |
| 003 | CaOODSP |
| 005 | 20241104121117 |
| 006 | m o d f |
| 007 | cr cn||||||||| |
| 008 | 240515t20232023oncabdo ob f000 0 fre d |
| 020 | |a9780660719757 |
| 040 | |aCaOODSP|bfre|erda|cCaOODSP |
| 043 | |an-cn-bc |
| 086 | 1 |aCW69-14/96-2024F-PDF |
| 245 | 00|aÉvaluation et rapport de situation du COSEPAC sur la bartramie à feuilles dressées, Bartramia aprica, au Canada. |
| 250 | |a[Menacée 2023 édition]. |
| 264 | 1|aOttawa (Ontario) : |bComité sur la situation des espèces en péril au Canada = Committee on the Status of Endangered Wildlife in Canada, |c2023. |
| 264 | 4|c©2023 |
| 300 | |a1 ressource en ligne (xiii, 53 pages) : |billustrations, cartes, graphiques, photographies |
| 336 | |atexte|btxt|2rdacontent/fre |
| 337 | |ainformatique|bc|2rdamedia/fre |
| 338 | |aressource en ligne|bcr|2rdacarrier/fre |
| 500 | |aTitre de la couverture. |
| 500 | |aPublié aussi en anglais sous le titre : COSEWIC assessment and status report on the rigid apple moss, Bartramia aprica, in Canada. |
| 504 | |aComprend des références bibliographiques (pages 36-44). |
| 520 | |a« Cette mousse est présente au Canada dans le climat méditerranéen du sud de l'île de Vancouver et des îles Gulf. Elle est restreinte aux affleurements rocheux et aux sols peu profonds et biens drainés, étroitement associés aux suintements, qui se trouvent pour la plupart dans les écosystèmes menacés de chênes de Garry. Des activités de recherche accrues ont montré que l'espèce est plus répandue qu'on ne le pensait et que sont risque de disparition du pays est donc moins élevé. Toutefois, la population demeure petite et continue de subir des menaces attribuables à la perte d'habitat qu'aux espèces non indigènes envahissantes » -- Justification de la désignation, page iii. |
| 650 | 6|aMousses rares|zColombie-Britannique. |
| 650 | 6|aPlantes rares|zColombie-Britannique. |
| 710 | 2 |aComité sur la situation des espèces en péril au Canada, |eorganisme de publication. |
| 775 | 08|tCOSEWIC assessment and status report on the rigid apple moss, Bartramia aprica, in Canada.|w(CaOODSP)9.938348 |
| 795 | |tÉvaluation et rapport de situation du COSEPAC sur la Bartramie à feuilles dressées, Bartramia stricta, au Canada |b[En voie de disparition 2009 édition]|w(CaOODSP)9.598430 |
| 856 | 40|qPDF|s1.66 Mo|uhttps://publications.gc.ca/collections/collection_2024/eccc/cw69/CW69-14-96-2024-fra.pdf |
| 856 | 4 |qHTML|sS.O.|uhttps://www.canada.ca/fr/environnement-changement-climatique/services/registre-public-especes-peril/evaluations-rapports-situations-cosepac/bartramie-a-feuilles-dressees-2023.html |